MDQL
is popping MORE tags! Check the
thread
!
Quizzes
Events
Quiz Creation
Community
Videos
Private Events
Remove Ads
Sign In
Join for FREE
Feedback
Dark Mode
Quiz Categories
Sports
Geography
Music
Movies
Television
Just For Fun
Miscellaneous
History
Literature
Language
Science
Gaming
Entertainment
Religion
Holiday
For Kids
Quiz Lab
Recent
Popular Today
Quiz Kudos Today
Editor Picks
Curator Picks
Quizzes by...
Day
Popularity
Type
Ratings
Length
Year
Community
Subscriptions
Recent Discussions
Orange Saloon
Badges
Playlists
Quests
Create
Leaderboards
Showdown
Live 5
Trivia Bingo
Activity
Puzzle Library
Sporcle Events
Private Events
Virtual Trivia
Globe League
Become a Host
Pub Owners
SporcleCon
Opinionation
Our Games
Videos
Blog
Mobile Apps
Partnerships
Remove Ads and Go Orange
Feedback
Movies
Disney
Marvel Cinematic Universe
Movie Resume
Movie Titles
Oscar
Actor
Actress
Director
Pixar
Role
Movie Quotes
Movie Characters
Box Office
Nominee
Best Picture
Star Wars
James Bond
Horror Movies
Movies
Disney
Marvel Cinematic Universe
Movie Resume
Movie Titles
Oscar
Actor
Actress
Director
Pixar
Role
Movie Quotes
Movie Characters
Box Office
Nominee
Best Picture
Star Wars
James Bond
Horror Movies
Random Quiz
Search Sporcle
×
Quiz Lab
Quiz Lab
Movies
Minefield
Select answers by clicking on text or image buttons
Select answers by clicking on text or image buttons
Clickable
Best Score? Go Orange.
Complete The Movie Title (Minefield Edition) Stats
Can you pick the words which complete the movie title?
By
ArrogantDuck
18m
200 Questions
1,278 Plays
1,278 Plays
1,278 Plays
Comments
Comments
Give Quiz Kudos
Give Quiz Kudos
-
- Ratings
hide this ad
Forced Order
Answers have to be entered in order
Answers have to be entered in order
Minefield
Wrong answers will end the quiz
Wrong answers will end the quiz
Replay
Link that replays current quiz
Next Quiz
Link to next quiz in quiz playlist
You Got
0%
They Got
Avg Score
27%
Avg Friend Score
Upgrade to see
Score Distribution
Jump to the score distribution portion of the page
Score
0/200
Timer
18:00
0
Plays Today
% Correct
???
43.7%
???
43.7%
???
43.1%
???
43%
???
42.6%
???
42.5%
???
42.3%
???
41.9%
???
41.9%
???
41.8%
???
41.6%
???
41.6%
???
41.5%
???
41.5%
???
41.5%
???
41.4%
???
41.4%
???
41.3%
???
41.3%
???
41.2%
???
41.2%
???
41.2%
???
41.2%
???
41.2%
???
40.8%
???
40.8%
???
40.7%
???
40.7%
???
40.7%
???
40.5%
???
40.5%
???
40.5%
???
40%
???
39.9%
???
39.6%
???
39.1%
???
39%
???
39%
???
38.9%
???
38.7%
???
38.7%
???
38.6%
???
38.6%
???
38.2%
???
38.2%
???
38.1%
???
38.1%
???
38%
???
37.8%
???
37.6%
???
37.3%
???
37.2%
???
37.2%
???
37.1%
???
36.8%
???
36.8%
???
36.7%
???
36.5%
???
36.5%
???
36.5%
???
36.5%
???
36.4%
???
36.4%
???
36.4%
???
36.3%
???
36.3%
???
36.2%
% Correct
???
36%
???
35.9%
???
35.8%
???
35.5%
???
35.4%
???
35.3%
???
35.1%
???
34.8%
???
34.7%
???
34.6%
???
34.5%
???
34.4%
???
34.4%
???
34.1%
???
34.1%
???
34.1%
???
34%
???
33.9%
???
33.8%
???
33.7%
???
33.5%
???
33.3%
???
33.2%
???
33.1%
???
33.1%
???
33%
???
33%
???
32.9%
???
32.8%
???
32.7%
???
32.7%
???
32.7%
???
32%
???
31.7%
???
31.5%
???
31.5%
???
31.4%
???
31.3%
???
31.3%
???
31.1%
???
31.1%
???
30.8%
???
30.6%
???
30.5%
???
30.2%
???
29.9%
???
29.2%
???
29.2%
???
28.9%
???
28.8%
???
28.8%
???
28.8%
???
28.8%
???
28.7%
???
28.2%
???
28.2%
???
28%
???
28%
???
27.8%
???
27.8%
???
27.7%
???
27.5%
???
27.1%
???
27%
???
26.8%
???
26.7%
???
26.7%
% Correct
???
26.6%
???
26.4%
???
26.1%
???
26%
???
25.9%
???
25.7%
???
25.4%
???
25.3%
???
25.3%
???
24.7%
???
24.6%
???
24.6%
???
24.2%
???
24.1%
???
24%
???
23.9%
???
23.8%
???
23.5%
???
23.5%
???
22.6%
???
21.3%
???
21.1%
???
20.8%
???
20.3%
???
20%
???
19.9%
???
19.5%
???
19.4%
???
19%
???
18.3%
???
17.8%
???
17.6%
???
17.2%
???
16.7%
???
16.6%
???
16%
???
16%
???
15.9%
???
15.6%
???
14.7%
???
13.3%
???
13%
???
13%
???
12.7%
???
12.6%
???
11.7%
???
11.7%
???
11.7%
???
11.6%
???
11.2%
???
10.6%
???
9.9%
???
9%
???
9%
???
7.9%
???
7.3%
???
6.4%
???
6.4%
???
6.3%
???
5.8%
???
5.4%
???
4.7%
???
4.1%
???
3.8%
???
3.6%
???
3.4%
Quiz Playlist
Details
Report
Send in Message
Add To Playlist
Clickable:
Select answers by clicking on text or image buttons
Forced Order:
Answers have to be entered in order
Minefield:
Wrong answers will end the quiz
Last Updated: Feb 16, 2017
Quiz Scoreboard
CHALLENGE
Sign Up to Join the Scoreboard
Show All
Scores
Hide
Comments
May contain spoilers
Recently Published
Colored Red Africa Blitz
by spor1
Geography
30s
Find the 'City' Movie
by crazypaving
Movies
60s
5x2 Blitz: Bands
by SL_Kpop136
Music
30s
More to Explore
Quiz From the Vault
Featured Blog Post
14 Easter Pick-up Lines to Find Eggs With
hide this ad
You Might Also Like...
Tags
Clickable Quiz
Minefield Quiz
Movie Titles Quiz
fill-in-the-blank
Today's Top Quizzes in Movies
Browse Movies
hide this ad
Today's Top Quizzes in Minefield
Browse Minefield
Top Contributed Quizzes in Movies
1
Find The 'Big' Movie
2
Find The 'Blue' Movie
3
Find The 'Wild' Movie
4
Hidden Star Wars Character II
5
Pick 5 Posters: Directed by Spielberg
6
Hidden Star Wars Character III
7
Hidden Star Wars Character IV
8
Movies By Plot
9
Alfred Hitchcock Movies by Plot
10
Hidden Star Wars Character V
Explore More
Trending Topics
Harry Potter
Crossword
Anime
NBA
Marvel
Kpop
Disney
Pokémon
NFL
Soccer
WWE
Puzzle
Country
Song
The Office
hide this ad
More By:
ArrogantDuck
Quiz
Plays
Rating
Category
Featured
Created
Re-Promoted Premier League Clubs
99,799
4.49
Sports
May 7, 2013
English Derby Teams
3,645
4.17
Sports
Oct 14, 2010
UEFA Countries
2,665
4.32
Geography
Sep 5, 2010
Worst England Team Ever
1,656
2.71
Sports
Oct 14, 2010
Steven Spielberg movies (minefield edition)
1,416
4.09
Movies
Jan 30, 2013
Go to Creator's Profile
Score Distribution
Quiz Creator Spotlight
ArrogantDuck
Follow
Send a Message
Quizzes Created
-
Created Quiz Play Count
-
More By This Creator
Popular Quizzes Today
1
5x2 Blitz: Bands
2
Find the 'City' Movie
3
Colored Red Africa Blitz
4
Find the US States - No Outlines Minefield
5
The Countries of the World
6
Find the US States
7
9x9 Crossword: Cartoon Network
8
US States
More Movies Quizzes
Harry Potter In Order: Luna Lovegood Edition
Editor's Pick
Trending Quizzes
Colored Red Africa Blitz II
Colored Red Europe Blitz I
Christmas Pick: Judaism
Colored Red Africa Blitz III
Colored Red Europe Blitz II
Recently Updated
Champions League XIs: Real Madrid
pecheneg
Largest US Cities 1790-2010
pecheneg
Rides in Walt Disney World
pecheneg
Most Oscar Losses (Acting)
pecheneg
Beyoncé Albums
pecheneg
Leaping Animals
pecheneg
Reality TV Shows (A-Z)
bhenderson79
Rickey Henderson's Hall of Fame Teammates
pecheneg
Champions League XIs: Arsenal
pecheneg
Quick Pick: Celebrities in WWE's Hall of Fame
aduchscher
Trending Topics
Crossword
Kpop
Disney
Anime
Harry Potter
Marvel
NBA
Puzzle
Pokémon
The Office
Country
Song
Soccer
NFL
WWE
Your Account Isn't Verified!
In order to create a playlist on Sporcle, you need to verify the email address you used during registration. Go to your
Sporcle Settings
to finish the process.
Report this User
Report this user for behavior that violates our
Community Guidelines
.
Details:
Send Report
Go to the Sporcle.com Mobile Site →
Comments